000 00355nam a22001577a 4500
005 20160628144822.0
008 160628b xxu||||| |||| 00| 0 eng d
041 _aeng
082 _b11465
100 _aSingh, Birinder
_93083
245 _aConcrete Technology
260 _bKapson
300 _aE-23
650 _aDiploma Engineering
_9817
942 _cBK
999 _c4477
_d4476